Statistiken für Gemeinden im Kanton Aargau

Klicken Sie hier um das Quiz zu spielen!

Allgemein

  • Dieses Quiz wurde 213 mal gespielt
    (208 seit der letzten Aktualisierung)
  • Das Durchschnittsergebnis liegt bei 85 aus 210

Antwortstatistiken

BezirkGemeinde% Korrekt
AarauAarau
100%
BadenBaden
98%
BruggBrugg
96%
LenzburgLenzburg
96%
ZofingenZofingen
95%
BremgartenBremgarten
93%
MuriMuri
93%
ZurzachBad Zurzach
88%
RheinfeldenRheinfelden
81%
LaufenburgLaufenburg
79%
ZofingenOftringen
77%
ZofingenAarburg
75%
BremgartenWohlen
74%
BadenSpreitenbach
70%
BadenWettingen
67%
KulmBeinwil am See
65%
MuriBeinwil (Freiamt)
65%
LenzburgHallwil
65%
LaufenburgFrick
63%
AarauSuhr
63%
AarauOberentfelden
61%
KulmReinach
61%
BruggBirr
60%
KulmOberkulm
60%
LenzburgRupperswil
60%
MuriSins
60%
AarauUnterentfelden
60%
KulmUnterkulm
60%
LenzburgMöriken-Wildegg
58%
KulmSchöftland
58%
BruggWindisch
58%
LenzburgMeisterschwanden
56%
BruggSchinznach
56%
LenzburgSeon
56%
BremgartenVillmergen
56%
AarauBuchs
54%
AarauErlinsbach
54%
RheinfeldenKaiseraugst
54%
ZofingenRothrist
54%
BadenWürenlos
54%
ZurzachKlingnau
53%
BadenMägenwil
53%
KulmMenziken
53%
RheinfeldenMöhlin
53%
RheinfeldenStein
53%
BadenFislisbach
51%
ZurzachKoblenz
51%
ZofingenKölliken
51%
LenzburgNiederlenz
51%
LenzburgSeengen
51%
BadenTurgi
51%
MuriAuw
49%
AarauGränichen
49%
BadenMellingen
49%
AarauMuhen
49%
BadenObersiggenthal
49%
BadenUntersiggenthal
49%
MuriBoswil
47%
ZofingenBrittnau
47%
BremgartenDottikon
47%
LenzburgHunzenschwil
47%
ZofingenSafenwil
47%
KulmBirrwil
46%
BruggLupfig
46%
BadenOberrohrdorf
46%
LenzburgOthmarsingen
46%
ZofingenStrengelbach
46%
BruggVeltheim
46%
BadenWürenlingen
46%
AarauKüttigen
44%
BadenNiederrohrdorf
44%
BruggThalheim
44%
ZofingenVordemwald
44%
ZurzachDöttingen
42%
ZurzachEndingen
42%
BadenNeuenhof
42%
BremgartenOberwil-Lieli
42%
LenzburgSchafisheim
42%
BruggAuenstein
40%
LenzburgBoniswil
40%
LaufenburgEiken
40%
ZurzachLeibstadt
40%
KulmSchlossrued
40%
ZofingenUerkheim
40%
BruggVilligen
40%
AarauBiberstein
39%
BadenBirmenstorf
39%
AarauDensbüren
39%
LenzburgDintikon
39%
KulmDürrenäsch
39%
BadenGebenstorf
39%
LaufenburgGipf-Oberfrick
39%
KulmGontenschwil
39%
BruggHabsburg
39%
LenzburgStaufen
39%
BruggBözberg
37%
BremgartenFischbach-Göslikon
37%
BruggHausen
37%
AarauHirschthal
37%
ZurzachKaiserstuhl
37%
LaufenburgKaisten
37%
ZurzachLeuggern
37%
MuriMerenschwand
37%
BruggVillnachern
37%
BadenBergdietikon
35%
BremgartenBerikon
35%
ZofingenBottenwil
35%
RheinfeldenMumpf
35%
ZofingenMurgenthal
35%
BremgartenOberlunkhofen
35%
ZofingenReitnau
35%
BruggRemigen
35%
KulmTeufenthal
35%
LenzburgAmmerswil
33%
MuriAristau
33%
MuriBesenbüren
33%
LenzburgBrunegg
33%
MuriBünzen
33%
LenzburgEgliswil
33%
BadenEnnetbaden
33%
LenzburgHendschiken
33%
LaufenburgHerznach
33%
LenzburgHolderbank
33%
BremgartenJonen
33%
BadenKillwangen
33%
ZofingenKirchleerau
33%
BadenKünten
33%
ZurzachLengnau
33%
BremgartenNiederwil
33%
BadenRemetschwil
33%
BremgartenSarmenstorf
33%
KulmSchmiedrued
33%
BadenStetten
33%
BadenBellikon
32%
KulmBurg
32%
LenzburgFahrwangen
32%
LaufenburgGansingen
32%
KulmHolziken
32%
KulmLeimbach
32%
BruggRiniken
32%
ZurzachTegerfelden
32%
BremgartenUnterlunkhofen
32%
MuriWaltenschwil
32%
MuriAbtwil
30%
BruggBözen
30%
ZurzachFisibach
30%
RheinfeldenMagden
30%
ZofingenMoosleerau
30%
ZurzachSchneisingen
30%
ZofingenStaffelbach
30%
RheinfeldenWallbach
30%
BremgartenWiden
30%
LaufenburgWölflinswil
30%
RheinfeldenZeiningen
30%
KulmZetzwil
30%
BremgartenZufikon
30%
RheinfeldenZuzgen
30%
ZurzachBöttstein
28%
BadenEhrendingen
28%
BadenFreienwil
28%
ZurzachFull-Reuenthal
28%
BremgartenHägglingen
28%
KulmLeutwil
28%
BruggMandach
28%
MuriMühlau
28%
BruggMülligen
28%
LaufenburgOberhof
28%
LaufenburgOeschgen
28%
LaufenburgSchwaderloch
28%
LaufenburgUeken
28%
LaufenburgWittnau
28%
MuriDietwil
26%
RheinfeldenHellikon
26%
ZurzachMellikon
26%
MuriOberrüti
26%
BremgartenRudolfstetten-Friedlisberg
26%
BremgartenTägerig
26%
BadenWohlenschwil
26%
LaufenburgZeihen
26%
BremgartenArni (AG)
25%
BremgartenBüttikon
25%
BruggEffingen
25%
BruggMönthal
25%
RheinfeldenObermumpf
25%
LaufenburgSisseln
25%
BruggBirrhard
23%
BruggElfingen
23%
MuriGeltwil
23%
LaufenburgMettauertal
23%
LaufenburgMünchwilen
23%
MuriRottenschwil
23%
BruggRüfenach
23%
RheinfeldenSchupfart
23%
MuriBettwil
21%
BremgartenEggenwil
21%
LaufenburgHornussen
21%
RheinfeldenOlsberg
21%
ZurzachSiglistorf
21%
RheinfeldenWegenstetten
21%
BremgartenIslisberg
19%
MuriKallern
19%
ZurzachRekingen
19%
BremgartenUezwil
19%
MuriButtwil
18%
ZurzachRietheim
18%
ZofingenWilliberg
18%
ZurzachRümikon
16%
ZurzachWislikofen
14%
ZurzachBaldingen
12%
ZurzachBöbikon
11%

Verteilung der Resultate

Perzentil nach korrekt beantworteten Fragen

Anzahl Personen mit jedem Resultat

Ihre Resultats-Entwicklung

Sie haben dieses Quiz seit der letzten Aktualisierung nicht gespielt